000 00456ntaaa2200193 4500
003 01
005 20251027202634.0
008 0714s1973 ag 01
040 _aAR-BaBN
_bspa
_cAR-BaBN
_eaacr
_dRIC
082 _a371.8000 G17
100 _aGardner, D.E.M.
_925714
245 _aChildren's play centre
250 _a1 ed.
260 _aLondon :
_bMethuen,
_cc1937
300 _a143 p
650 _aeducación
650 _apedagogía
_91020
942 _cBK
999 _c21525
_d21525